[Event "Dortmund Sparkassen op-B"]
[Site "Dortmund"]
[Date "2006.08.03"]
[Round "6"]
[White "Gronau, Holger"]
[Black "Noeller, Daniel"]
[Result "1/2-1/2"]
[WhiteElo "1610"]
[BlackElo "1453"]
[PlyCount "36"]
[EventDate "2006.07.28"]
[EventType "swiss"]
[EventRounds "9"]
[EventCountry "GER"]
[SourceTitle "CBM 113 Extra"]
[Source "ChessBase"]
[SourceDate "2006.09.14"]
[SourceVersion "1"]
[SourceVersionDate "2006.09.14"]
[SourceQuality "1"]

1. d4 d5 2. Nf3 Nf6 3. Bg5 Ne4 4. Bf4 Bf5 5. c4 e6 6. Qb3 b6 7. e3 Bd6 8. cxd5 Bxf4 9. exf4 Qxd5 10. Bc4 Qd6 11. 0-0 0-0 12. d5 Nc5 13. Qd1 Qxf4 14. b3 Rd8 15. Qe2 exd5 16. Bxd5 c6 17. Qe7 Rf8 18. Bc4 Qe4 1/2-1/2